| 000 | 00537nam a2200205 a 4500 | ||
|---|---|---|---|
| 001 | BRCA_7814 | ||
| 005 | 20190320210015.0 | ||
| 008 | 161013s1963----gw-a######---#000-0#ger-# | ||
| 041 | _ager | ||
| 044 | _agw | ||
| 050 | 4 |
_aNK4370 _b.W35 1963 |
|
| 100 | 1 |
_aWalcha, Otto _919353 |
|
| 245 | 1 | 0 |
_aPorzellan _cOtto Walcha. |
| 260 |
_aHeidelberg, Alemania _bL. Schneider _c1963 |
||
| 300 |
_a137 p. _bil. (algunas a color), 58 láminas _c22 cm. |
||
| 500 | _aX104 | ||
| 650 | 1 | 4 |
_aPorcelana _vHistoria _919354 |
| 902 | _aGFM | ||
| 942 |
_2lcc _cB |
||
| 999 |
_c7488 _d7488 |
||